Performance of IRCA clones in various fields in the traditional region (Record no. 64741)

MARC details
000 -LEADER
fixed length control field 00573nam a2200205Ia 4500
100 ## - MAIN ENTRY--AUTHOR NAME
Personal name Mydin K.K
245 #0 - TITLE STATEMENT
Title Performance of IRCA clones in various fields in the traditional region
260 ## - PUBLICATION, DISTRIBUTION, ETC. (IMPRINT)
Name of publisher Rubber Research Institute of India, Kottayam, India
500 ## - GENERAL NOTE
General note Source Year: 2019
650 ## - SUBJECT ADDED ENTRY--TOPICAL TERM
Topical Term IRCA clones
650 ## - SUBJECT ADDED ENTRY--TOPICAL TERM
Topical Term Traditional region
700 ## - ADDED ENTRY--PERSONAL NAME
Personal name Jacob J
700 ## - ADDED ENTRY--PERSONAL NAME
Personal name Lakshmanan R
700 ## - ADDED ENTRY--PERSONAL NAME
Personal name Meenakumari T
700 ## - ADDED ENTRY--PERSONAL NAME
Personal name Mercy M.A
700 ## - ADDED ENTRY--PERSONAL NAME
Personal name Rao G.P
856 ## - ELECTRONIC LOCATION AND ACCESS
Uniform Resource Identifier bibli details only
942 ## - ADDED ENTRY ELEMENTS (KOHA)
Koha item type Journals
Holdings
Withdrawn status Lost status Damaged status Not for loan Home library Current library Shelving location Date acquired Koha item type
      Journals RRII Library RRII Library Botany 01/01/2021 Journals